[Event "SVK-ch Amateurs"]
[Site "Liptovsky Jan"]
[Date "2023.06.18"]
[Round "8"]
[White "Lehocky, Ondrej"]
[Black "Badinka, Adam"]
[Result "0-1"]
[WhiteElo "1000"]
[BlackElo "1834"]
[PlyCount "82"]
[EventDate "2023.06.15"]
[EventType "swiss"]
[EventRounds "8"]
[EventCountry "SVK"]
[SourceTitle "CBM 214 Extra"]
[Source "ChessBase"]
[SourceDate "2023.07.31"]
[SourceVersion "1"]
[SourceVersionDate "2023.07.31"]
[SourceQuality "1"]

1. e4 d6 2. d4 Nf6 3. Nc3 g6 4. Be3 Bg7 5. f3 Nbd7 6. Qd2 h5 7. h4 c5 8. Bb5 a6 9. Bxd7+ Nxd7 10. Nge2 c4 11. g4 Nf6 12. gxh5 Nxh5 13. 0-0-0 b5 14. Nd5 a5 15. Ndf4 b4 16. Nxh5 gxh5 17. Rhg1 Bf6 18. Bg5 e6 19. Qf4 Be7 20. Bxe7 Qxe7 21. Rg7 Kf8 22. Rdg1 e5 23. Qg3 Qf6 24. Rg8+ Rxg8 25. Qxg8+ Ke7 26. Qg5 Be6 27. Qxf6+ Kxf6 28. Rg5 c3 29. d5 cxb2+ 30. Kxb2 Bd7 31. Rxh5 Rg8 32. f4 exf4 33. Nxf4 Rg4 34. Rh6+ Ke7 35. Nd3 Rxe4 36. a3 Bb5 37. Nf2 Re2 38. Ng4 Bd3 39. axb4 Rxc2+ 40. Kb3 axb4 41. Kxb4 Rc4+ 0-1

[Event "SVK-ch Amateurs"]
[Site "Liptovsky Jan"]
[Date "2023.06.16"]
[Round "4"]
[White "Lehocky, Ondrej"]
[Black "Miciak, Emanuel"]
[Result "1-0"]
[WhiteElo "1000"]
[BlackElo "1723"]
[PlyCount "66"]
[EventDate "2023.06.15"]
[EventType "swiss"]
[EventRounds "8"]
[EventCountry "SVK"]
[SourceTitle "CBM 214 Extra"]
[Source "ChessBase"]
[SourceDate "2023.07.31"]
[SourceVersion "1"]
[SourceVersionDate "2023.07.31"]
[SourceQuality "1"]

1. d4 Nf6 2. c4 g6 3. Nc3 Bg7 4. e4 d6 5. f3 0-0 6. Be3 Nc6 7. Qd2 e5 8. d5 Ne7 9. 0-0-0 a6 10. g4 Bd7 11. Bh6 b5 12. h4 b4 13. Nce2 Bxh6 14. Qxh6 Bxg4 15. fxg4 Nxg4 16. Qg5 Nf2 17. Qg2 Nxd1 18. Kxd1 Qd7 19. Kc1 Qa4 20. Kb1 b3 21. a3 Qxc4 22. Nc3 Qc5 23. h5 Kg7 24. Nf3 Qe3 25. Be2 f5 26. Ng5 Rf6 27. Nxh7 fxe4 28. Nxf6 Kxf6 29. hxg6 Kg7 30. Rg1 Nxg6 31. Nxe4 Qh6 32. Ng5 Re8 33. Bd3 Nf4 1-0

[Event "SVK-ch Amateurs"]
[Site "Liptovsky Jan"]
[Date "2023.06.15"]
[Round "2"]
[White "Lehocky, Ondrej"]
[Black "Trangos, Miroslav"]
[Result "0-1"]
[WhiteElo "1000"]
[BlackElo "1961"]
[PlyCount "80"]
[EventDate "2023.06.15"]
[EventType "swiss"]
[EventRounds "8"]
[EventCountry "SVK"]
[SourceTitle "CBM 214 Extra"]
[Source "ChessBase"]
[SourceDate "2023.07.31"]
[SourceVersion "1"]
[SourceVersionDate "2023.07.31"]
[SourceQuality "1"]

1. e4 e6 2. d4 d5 3. Nd2 c5 4. Ngf3 Nf6 5. e5 Nfd7 6. c3 b6 7. Bd3 Ba6 8. Qe2 Bxd3 9. Qxd3 Qc7 10. 0-0 Nc6 11. Re1 cxd4 12. cxd4 Nb4 13. Qb1 Nc2 14. Nf1 Rc8 15. Bd2 Nxe1 16. Qxe1 Be7 17. Ne3 0-0 18. h3 a5 19. a3 Qb7 20. Nh2 a4 21. f4 b5 22. Qg3 f5 23. exf6 Nxf6 24. Nf3 Ne4 25. Qg4 Rc6 26. Rf1 Qc7 27. f5 Qg3 28. Qxg3 Nxg3 29. Re1 Nxf5 30. Nxf5 Rxf5 31. Bc3 h6 32. Kf2 Bh4+ 33. g3 Be7 34. Ke3 Bxa3 35. Ne5 Rxe5+ 36. dxe5 Bc5+ 37. Bd4 Bb4 38. Re2 Rc1 39. Kd3 Rd1+ 40. Ke3 Re1 0-1